000 00955cam a22003015i 4500
001 14338033
003 EG-ScBUE
005 20260318092949.0
008 060412s2005 enka f b f001 0 eng d
020 _a0192803603
020 _a9780192803603
040 _aEG-ScBUE
_beng
_erda
_cEG-ScBUE
_dEG-ScBUE
082 0 4 _a599.938
_bWOO
_222
100 1 _aWood, Bernard A.,
_eauthor.
245 1 0 _aHuman evolution :
_ba very short introduction /
_cBernard Wood.
264 1 _aOxford :
_bOxford University Press,
_c2005.
300 _a131 pages :
_billustrations ;
_c18 cm.
336 _2rdacontent
_atext
_btxt
337 _aunmediated
_2rdamedia
_bn
338 _avolume
_bnc
_2rdacarrier
490 0 _aVery short introductions ;
_v142
504 _aIncludes bibliographical references and index.
650 7 _aHuman evolution.
_2BUEsh
650 7 _aFossil hominids.
_2BUEsh
653 _bHHUUPPSS
_cApril2017
655 _vReading book
942 _2ddc
_cBB
999 _c24740
_d24712